000 00306nam a2200121 a 4500
005 20140414131852.0
008 100807s19uu xx 00 eng d
050 _aM 611
_bAm1 2001
245 _aMy amazing body.
260 _aLondon :
_bAlligator books,
_c2001.
650 _aHuman anatomy
999 _c110248
_d110248